Pays sans les lettres de "SYRIE" - Statistiques

Statistiques générales
  • Ce quiz a été pris 20 fois
    7 depuis la dernière actualisation
  • Le résultat moyen est 6 sur 16
Statistiques - réponses
Continents Pays % Correct
Afrique Togo
67%
Amérique du Nord Canada
50%
Afrique Gabon
50%
Afrique Ghana
50%
Asie Japon
50%
Afrique Ouganda
50%
Afrique Angola
33%
Amérique du Nord Cuba
33%
Europe Monaco
33%
Asie Oman
33%
Amérique du Nord Panama
33%
Océanie Tonga
33%
Océanie Tuvalu
33%
Océanie Vanuatu
33%
Afrique Tchad
17%
Asie Bhoutan
0%
Aucun quiz correspondant
Distribution des résultats
% des personnes avec chaque résultat
Percentile par nombre de réponses
Votre historique - résultats
Vous n’avez pas pris ce quiz depuis la dernière actualisation